Rukověť exportéra: Mexiko Dovozní režim a související předpisy
Hlavné informácie, ktoré sú dôležité pre zahraničný obchod s Mexikom a pre podnikanie v tomto teritóriu. Základné údaje zo všetkých rozhodujúcich oblastí. Charakteristika krajiny. Medzinárodné vzťahy. Vzťahy Českej republiky a Mexika. Doprava, dopravné spojenie s ČR. Financovanie exportu. Prehľad zá...
Gespeichert in:
| Format: | Buchkapitel |
|---|---|
| Sprache: | Tschechisch |
| Schlagworte: | |
| Tags: |
Keine Tags, Fügen Sie das erste Tag hinzu!
|
MARC
| LEADER | 00000naa a2200000 4500 | ||
|---|---|---|---|
| 001 | r017676 | ||
| 005 | 20221208131248.2 | ||
| 041 | 0 | |a cze | |
| 044 | |a CZ | ||
| 245 | 1 | 0 | |a Rukověť exportéra: Mexiko |b Dovozní režim a související předpisy |
| 520 | |a Hlavné informácie, ktoré sú dôležité pre zahraničný obchod s Mexikom a pre podnikanie v tomto teritóriu. Základné údaje zo všetkých rozhodujúcich oblastí. Charakteristika krajiny. Medzinárodné vzťahy. Vzťahy Českej republiky a Mexika. Doprava, dopravné spojenie s ČR. Financovanie exportu. Prehľad zákonov a zákonných nariadení v zahraničnom obchode. Podmienky investovania. Daňový systém. Regulácia zahraničného obchodu. Mexický trh. Distribučné a predajné cesty. Franchising. Výstavy a veľtrhy. Obchodné zvyklosti. | ||
| 610 | 2 | 0 | |a obchod zahraničný |
| 610 | 2 | 0 | |a podnikanie obchodné |
| 610 | 2 | 0 | |a Mexiko |
| 610 | 2 | 0 | |a Česko |
| 610 | 2 | 0 | |a vzťahy ekonomické |
| 610 | 2 | 0 | |a vzťahy trhové |
| 610 | 2 | 0 | |a clá |